000 00937nam a22002537a 4500
003 NALT
005 20251125233124.0
008 s2558 th tha d
020 _a9786167942056
040 _aNALT
041 _atha
050 _aDS 712
_bน672น 2558
100 0 _aนิ้วกลม
_923314
245 1 0 _aนั่งรถไฟไปตู้เย็น /
_cนิ้วกลม.
250 _aพิมพ์ครั้งที่ 5.
260 _aกรุงเทพฯ :
_bKoob,
_c2558.
300 _a342 หน้า :
_bภาพประกอบ ;
_c19 ซม.
651 4 _910916
_aจีน
_xภูมิประเทศและการท่องเที่ยว
850 _aNALT
856 4 0 _uhttps://hdl.handle.net/20.500.14156/521814
942 _cGB
_2lcc
996 _asaiphon.d
_bCATSTF
_c2025-10-28
999 _c74272
_d74272
998 _j104
_k นางสาวสายฝน ดีงาม